00343nam a2200109Ia 4500008004100000082000800041100002100049245004700070942000600117952009500123999001500218240331s9999 xx 000 0 und d bSIV aSivakumaran, K.S 0aInthiya ilankai ilakkiyam :boru kannoddam cL 001040708LaWERCLbWERCLcSSCd2024-03-31l0o 495 SIVp5704r2024-03-31w2024-03-31yL c3626d3626